• 首页
  • 本馆介绍
  • 公告通知
  • 最新文献
  • 馆藏检索
  • 电子资源
  • 读者导购
  • 参考咨询
  • 我的图书馆
  • 登录
  • 详细信息显示
  • 放入我的书架
  • 预约/预借图书
  • 作者相关作品
  • 分类相关作品
  • 丛书相关作品
  • 出版社相关作品

书目信息

  • 表格格式
  • 工作单格式
  • 卡片格式
题名:
人有两套生命系统
    
 
作者: 李卫东 著
分册:  
出版信息: 西宁   青海人民出版社  1997.11
页数: 328页
开本: 32开
丛书名:
单 册:
中图分类: Q981.1
科图分类:
主题词: 古人类学
电子资源:
ISBN: 7-225-01436-6
000 00554nam0 2200193 45
001 0205131614
005 20031219104055.5
010    @a7-225-01436-6@dCNY19.80
100    @a20020513d1997 km y0chiy0120 ea
101 0  @achi
105    @aa z 000yy
200 1  @a人有两套生命系统@ARen You Liang Tao Sheng Ming Xi Tong@f李卫东著@FLi Wei Dong Zhu
210    @a西宁@c青海人民出版社@d1997.11
215    @a328页@c彩图@d32开
606 0  @a古人类学
690    @aQ981.1@v4
701    @a李卫东@4著
801    @aCN@bTSTC@c20020513
905    @b310086-090@dQ981.1@f5@e13
    
    人有两套生命系统/李卫东著.-西宁:青海人民出版社,1997.11
    328页:彩图;32开
    
    
    ISBN 7-225-01436-6:CNY19.80
    
●
相关链接 在E读中查询图书 在五车中查询图书 在当当中查询图书 在豆瓣中查询图书


正题名:人有两套生命系统     索取号:Q981.1/13         预约/预借

序号 登录号 条形码 馆藏地/架位号 状态 备注
1 0310086   203100866   第三借阅区/ [索取号:Q981.1/13] 在馆    
2 0310087   203100875   第三借阅区/ [索取号:Q981.1/13] 在馆    
3 0310088   203100884   第三借阅区/ [索取号:Q981.1/13] 在馆    
4 0310089   203100893   第三借阅区/ [索取号:Q981.1/13] 在馆    
5 0310090   203100900   第二样本阅览室/ [索取号:Q981.1/13] 在馆    
唐山师范学院图书馆 欢迎您!
大连网信软件有限公司© 版权所有